Viva Voce in Experimental Pharmacology (Record no. 10436)

MARC details
000 -LEADER
fixed length control field 00433nam a22001577a 4500
003 - CONTROL NUMBER IDENTIFIER
control field OSt
008 - FIXED-LENGTH DATA ELEMENTS--GENERAL INFORMATION
fixed length control field 210209b ||||| |||| 00| 0 eng d
020 ## - INTERNATIONAL STANDARD BOOK NUMBER
International Standard Book Number 9788123925202
100 ## - MAIN ENTRY--PERSONAL NAME
Personal name Jaggi, Amteshwar Singh,Bali,Anjana and Singh,Nirmal
245 ## - TITLE STATEMENT
Title Viva Voce in Experimental Pharmacology
250 ## - EDITION STATEMENT
Edition statement 1st All Reprint till time
260 ## - PUBLICATION, DISTRIBUTION, ETC. (IMPRINT)
Place of publication, distribution, etc New delhi
Name of publisher, distributor, etc CBS Pub
Date of publication, distribution, etc 2020
300 ## - PHYSICAL DESCRIPTION
Extent 164
650 ## - SUBJECT ADDED ENTRY--TOPICAL TERM
Topical term or geographic name as entry element Pharmacology
942 ## - ADDED ENTRY ELEMENTS (KOHA)
Source of classification or shelving scheme Dewey Decimal Classification
Koha item type Text Books
Holdings
Withdrawn status Lost status Source of classification or shelving scheme Damaged status Not for loan Collection code Home library Current library Date acquired Source of acquisition Currency Cost, normal purchase price Bill Number Total Checkouts Acc. no. / Barcode Date last seen Date last borrowed Actual Cost, discounted price Bill Date Koha item type
    Dewey Decimal Classification     Diploma in Pharmacy PIET C-LIBRARY PIET C-LIBRARY 02/02/2021 Kirti Praskshan IN1457 275.00 IN1457 1 DP896 19/09/2023 25/08/2023 177.37 02/02/2021 Text Books
    Dewey Decimal Classification     Diploma in Pharmacy PIET C-LIBRARY PIET C-LIBRARY 02/02/2021 Kirti Praskshan IN1457 275.00 IN1457   DP897 09/02/2021   177.37 02/02/2021 Text Books

Design & Developed by: PIET Central Library
R70 Miles Stone Pattikalyana Samalkha Panipat 132102
mail ID :- [email protected], Phone No:- 0180-2569700 Ex.216